Diferenciácia výsledkov poľnohospodárskych podnikov hospodáriacich v porovnateľných podmienkach v okrese Košice - vidiek v rokoch 7. päťročnice záverečná práca postgraduálneho štúdia

Enregistré dans:
Détails bibliographiques
Auteur principal: Winklerová, Mária
Collectivité auteur: Vysoká škola ekonomická v Bratislave
Autres auteurs: Čorba, Imrich
Format: Livre
Langue:slovaque
Publié: Bratislava 1987
Tags: Ajouter un tag
Pas de tags, Soyez le premier à ajouter un tag!

MARC

LEADER 00000nam a2200000 4500
001 c023695
005 20221219094403.3
041 0 |a slo 
044 |a SK 
245 1 0 |a Diferenciácia výsledkov poľnohospodárskych podnikov hospodáriacich v porovnateľných podmienkach v okrese Košice - vidiek v rokoch 7. päťročnice  |b záverečná práca postgraduálneho štúdia  |c Mária Winklerová ; Ved. práce Imrich Čorba 
264 1 |a Bratislava  |c 1987 
300 |a 45 s. 
100 1 |a Winklerová, Mária 
700 1 |a Čorba, Imrich 
710 2 |a Vysoká škola ekonomická v Bratislave